书目信息 |
| 题名: |
光纤技术及应用
|
|
| 作者: | 石顺祥 编著 | |
| 分册: | ||
| 出版信息: | 北京 科学出版社 2016.06 |
|
| 页数: | 325页 | |
| 开本: | 26cm | |
| 丛书名: | ||
| 单 册: | ||
| 中图分类: | TN252 | |
| 科图分类: | ||
| 主题词: | 光导纤维--高等教育--教材 | |
| 电子资源: | ||
| ISBN: | 978-7-03-048293-8 | |
| 000 | 01173nam0 2200277 450 | |
| 001 | 0120161953953 | |
| 005 | 20170418141948.87 | |
| 010 | @a978-7-03-048293-8@dCNY59.00 | |
| 100 | @a20160803d2016 em y0chiy50 ea | |
| 101 | 0 | @achi |
| 102 | @aCN@b110000 | |
| 105 | @aak z 000yy | |
| 106 | @ar | |
| 200 | 1 | @a光纤技术及应用@9guang xian ji shu ji ying yong@f石顺祥[等]编著 |
| 205 | @a2版 | |
| 210 | @a北京@c科学出版社@d2016.06 | |
| 215 | @a325页@c图@d26cm | |
| 300 | @a普通高等教育电子科学与技术类特色专业系列规划教材 | |
| 304 | @a编著还有:孙艳玲,马琳,刘继芳 | |
| 330 | @a本书以光的电磁理论为基础,系统地介绍了光纤技术的基本原理、基本器件和光纤通信技术、光纤传感技术基础。第一章主要阐述了光波传输的理论基础;第二章讨论了平板光波导的传输理论;第三章和第四章详细讨论了光纤传输原理和光纤传输特性;第五章介绍了光纤无源和有源器件;第六章简单地介绍了光纤及光缆制造技术;第七章较系统地介绍了光纤和通信技术;第八章较系统地介绍了光纤传感技术。 | |
| 333 | @a高校电子科学与技术专业师生 | |
| 606 | 0 | @a光导纤维@x高等教育@j教材 |
| 690 | @aTN252@v5 | |
| 701 | 0 | @a石顺祥@9shi shun xiang@4编著 |
| 801 | 0 | @aCN@b人天书店@c20160803 |
| 905 | @b984022-25@dTN252@e95=2@f4 | |
| 光纤技术及应用/石顺祥[等]编著.-2版.-北京:科学出版社,2016.06 |
| 325页:图;26cm |
| 普通高等教育电子科学与技术类特色专业系列规划教材.-使用对象:高校电子科学与技术专业师生 |
| ISBN 978-7-03-048293-8:CNY59.00 |
| 本书以光的电磁理论为基础,系统地介绍了光纤技术的基本原理、基本器件和光纤通信技术、光纤传感技术基础。第一章主要阐述了光波传输的理论基础;第二章讨论了平板光波导的传输理论;第三章和第四章详细讨论了光纤传输原理和光纤传输特性;第五章介绍了光纤无源和有源器件;第六章简单地介绍了光纤及光缆制造技术;第七章较系统地介绍了光纤和通信技术;第八章较系统地介绍了光纤传感技术。 |
| ● |
| 相关链接 |
|
|
|
|
正题名:光纤技术及应用
索取号:TN252/95=2
 
预约/预借
| 序号 | 登录号 | 条形码 | 馆藏地/架位号 | 状态 | 备注 |
| 1 | 984022 | 209840225 | 第二样本阅览室/ [索取号:TN252/95=2] | 在馆 | |
| 2 | 984023 | 209840234 | 密集书库-物理学院/ [索取号:TN252/95=2] | 在馆 | |
| 3 | 984024 | 209840243 | 第三借阅区/ [索取号:TN252/95=2] | 在馆 | |
| 4 | 984025 | 209840252 | 第三借阅区/ [索取号:TN252/95=2] | 在馆 |